00347nam a2200145Ia 4500008004100000020001800041041000800059082001900067100002300086245002500109260002000134300000800154365001600162700002300178230718s9999 xx 000 0 und d a9780670084951 aeng a658.4'005bBAR aBarney M. (Editor) aLeadership @ Infosys c2010bPortfolio a226 cRs.b699.00 aBarney M. (Editor)